| 000 | 00713nam a2200205Ia 4500 | ||
|---|---|---|---|
| 003 | 0 | ||
| 005 | 20250201105424.0 | ||
| 008 | 150126s9999 xx 000 0 und d | ||
| 050 |
_aPGS GV 709.2 _b.T629 2014 |
||
| 100 | _aTobias, Jan Andre V. | ||
| 245 |
_aSports participation and self discipline / _cJan Andre V. Tobias. |
||
| 260 |
_aLas PiƱas City, Philippines : _bSouthville International School and Colleges, _c2014. |
||
| 300 |
_a25 p. : _bill. ; _c28 cm. |
||
| 504 | _aIncludes bibliographical references. | ||
| 650 | _aSelf-discipline in children. | ||
| 650 |
_aSports for children _vPsychological aspects. |
||
| 650 |
_aSports _vSocial aspects. |
||
| 650 |
_aChild _vPsychology. |
||
| 942 |
_2lcc _cPASS |
||
| 999 |
_c278634 _d278634 |
||